Ready or not (Record no. 69548)

MARC details
000 -LEADER
fixed length control field 00658nam a22001937a 4500
005 - DATE AND TIME OF LATEST TRANSACTION
control field 20230706141046.0
040 ## - CATALOGING SOURCE
Transcribing agency urs
050 ## - LIBRARY OF CONGRESS CALL NUMBER
Classification number HC 79 T4 D36 2016
100 ## - MAIN ENTRY--PERSONAL NAME
9 (RLIN) 5298
Personal name Damarillo, Winston
Relator term author
245 ## - TITLE STATEMENT
Title Ready or not
Remainder of title the 6 big disruptions that will change the way we do business
Statement of responsibility, etc Winston Damarillo
260 ## - PUBLICATION, DISTRIBUTION, ETC. (IMPRINT)
Place of publication, distribution, etc Mandaluyong City
Name of publisher, distributor, etc Summit Publishing Co., Inc.
Date of publication, distribution, etc 2016
336 ## - CONTENT TYPE
Source rdacontent
Content type term text
Content type code txt
337 ## - MEDIA TYPE
Source rdamedia
Media type term unmediated
Media type code n
338 ## - CARRIER TYPE
Source rdacarrier
Carrier type term volume
Carrier type code nc
650 #0 - SUBJECT ADDED ENTRY--TOPICAL TERM
9 (RLIN) 3726
Topical term or geographic name as entry element Technological innovations
Form subdivision Economic aspects
650 #0 - SUBJECT ADDED ENTRY--TOPICAL TERM
9 (RLIN) 2898
Topical term or geographic name as entry element Entrepreneurship
650 #0 - SUBJECT ADDED ENTRY--TOPICAL TERM
9 (RLIN) 3566
Topical term or geographic name as entry element New business enterprises
942 ## - ADDED ENTRY ELEMENTS (KOHA)
Source of classification or shelving scheme Library of Congress Classification
Koha item type Filipiniana
Holdings
Withdrawn status Lost status Source of classification or shelving scheme Damaged status Not for loan Home library Current library Shelving location Date acquired Total Checkouts Full call number Barcode Date last seen Price effective from Koha item type
    Library of Congress Classification     Binangonan College Library Binangonan College Library Filipiniana Section 07/06/2023   HC 79 T4 D36 2016 URSBIN-3726 07/06/2023 07/06/2023 Filipiniana

University of Rizal System
Email us at univlibservices@urs.edu.ph

Visit our Website www.urs.edu.ph/library